000 01332nam a22002537a 4500
003 OSt
005 20250617201058.0
008 250617b |||||||| |||| 00| 0 eng d
020 _a9586168271
040 _aCO-UDECOLOMBIA
_cCO-UDECOLOMBIA
_dCO-UDECOLOMBIA
082 0 4 _a658.1511
_bS315
100 1 _aScheel Mayenberger, Adolfo
_92917
245 1 0 _aEvaluación operacional y financiera aplicada a la industria hotelera /
_cAdolfo Scheel Mayenberger.
250 _a2a ed.
260 3 _aBogotá (Colombia) :
_bUniversidad Externado de Colombia,
_c2004.
300 _a714 p. ;
_bgráficos,
_c25 cm.
504 _aIncluye índice de contenido, índice temático y bibliografía.
505 0 _aSistema de información para el control operacional y gestión humana -- Criterios de estructura del estado de resultados para hoteles -- Análisis operacional - rendimientos operacionales -- Análisis operacional - evaluación de la utilidad -- Análisis financiero -- Tendencias y pronósticos -- Planificación de la utilidad -- Presupuesto de efectivo -- Control presupuestal -- Determinación de precios y otras aplicaciones
650 2 4 _aContabilidad administrativa
_92918
650 2 4 _aIndustria hotelera
_92920
_zColombia
650 1 4 _aAdministración hotelera
_92919
651 _zColombia
942 _2ddc
_cBK
_h658.1511 S315
_n0
999 _c2004
_d2004